[Event "Bad Wiessee Senioren Cup 8th"]
[Site "Bad Wiessee"]
[Date "2019.05.15"]
[Round "5"]
[White "Astengo, Corrado"]
[Black "Thieme, Wolfgang"]
[Result "1-0"]
[WhiteElo "2084"]
[BlackElo "1929"]
[PlyCount "37"]
[EventDate "2019.05.11"]
[EventType "swiss"]
[EventRounds "9"]
[EventCountry "GER"]
[SourceTitle "EXT 2020"]
[Source "ChessBase"]
[SourceDate "2019.10.17"]
[SourceVersion "1"]
[SourceVersionDate "2019.10.17"]
[SourceQuality "1"]

1. e4 c5 2. Nf3 e6 3. d4 cxd4 4. Nxd4 Nf6 5. Nc3 Bb4 6. e5 Nd5 7. Bd2 Nxc3 8. bxc3 Be7 9. Qg4 g6 10. Bd3 d6 11. Qg3 dxe5 12. Qxe5 0-0 13. 0-0 Bf6 14. Qg3 e5 15. Nf3 Nc6 16. Rad1 Qd7 17. Bh6 Rd8 18. Bxg6 Qxd1 19. Bd3+ 1-0

[Event "MVP-ch Seniors op 17th"]
[Site "Binz"]
[Date "2017.12.04"]
[Round "6.45"]
[White "Schulz, Gerhard1111"]
[Black "Thieme, Wolfgang"]
[Result "1/2-1/2"]
[WhiteElo "1795"]
[BlackElo "1924"]
[PlyCount "77"]
[EventDate "2017.11.29"]
[EventType "swiss"]
[EventRounds "9"]
[EventCountry "GER"]
[SourceTitle "EXT 2019"]
[Source "ChessBase"]
[SourceDate "2018.10.10"]
[SourceVersion "1"]
[SourceVersionDate "2018.10.10"]
[SourceQuality "1"]

1. d4 Nf6 2. Nf3 g6 3. e3 Bg7 4. Be2 d5 5. 0-0 0-0 6. b3 c5 7. Bb2 cxd4 8. exd4 Nc6 9. Ne5 Bf5 10. Nxc6 bxc6 11. Nd2 Qc7 12. Nf3 Ne4 13. Nd2 Rad8 14. Nxe4 Bxe4 15. Bd3 c5 16. Bxe4 dxe4 17. Qe2 Qc6 18. d5 Qxd5 19. Bxg7 Kxg7 20. Rad1 Qc6 21. Rxd8 Rxd8 22. Rd1 Rxd1+ 23. Qxd1 Qd6 24. Qa1+ Qd4 25. c3 Qd2 26. c4+ Qd4 27. Qc1 f5 28. g3 h6 29. Qa3 e3 30. fxe3 Qxe3+ 31. Kg2 g5 32. Qxa7 f4 33. gxf4 gxf4 34. Qd7 f3+ 35. Kg3 f2+ 36. Kg2 Qe1 37. Qg4+ Kh8 38. Qc8+ Kg7 39. Qg4+ 1/2-1/2

[Event "Schleswig Holstein-ch Seniors op 11th"]
[Site "Buesum"]
[Date "2017.09.13"]
[Round "6"]
[White "Thieme, Wolfgang"]
[Black "Garms, Ilse"]
[Result "1-0"]
[WhiteElo "1939"]
[BlackElo "1759"]
[PlyCount "99"]
[EventDate "2017.09.08"]
[EventType "swiss"]
[EventRounds "9"]
[EventCountry "GER"]
[SourceTitle "EXT 2019"]
[Source "ChessBase"]
[SourceDate "2018.10.10"]
[SourceVersion "1"]
[SourceVersionDate "2018.10.10"]
[SourceQuality "1"]

1. e4 e5 2. Bc4 Nf6 3. d4 d6 4. dxe5 dxe5 5. Bxf7+ Ke7 6. Qxd8+ Kxd8 7. Nc3 c6 8. Nf3 Bd6 9. Bg5 Kc7 10. h3 Rf8 11. Bc4 b5 12. Bd3 Be6 13. Rd1 a6 14. Be3 Nbd7 15. a3 Nh5 16. Ne2 Nf4 17. Bxf4 exf4 18. Ned4 Rae8 19. 0-0 h6 20. a4 Bc4 21. axb5 cxb5 22. Ra1 Nc5 23. Rfd1 Kb6 24. Bxc4 bxc4 25. Nf5 Be5 26. Nxe5 Rxe5 27. Rd6+ Kc7 28. Rg6 Rxe4 29. Rxg7+ Kb8 30. Nxh6 Re2 31. Ra5 Rc8 32. Rg5 Nb7 33. Rxa6 Rxc2 34. Rb6 Rc1+ 35. Kh2 Rd8 36. h4 Kc7 37. Rb4 Rc2 38. Rg7+ Kc6 39. Rgxb7 Rxf2 40. Ng4 Rc2 41. Ne5+ Kc5 42. R4b5+ Kd4 43. Nc6+ Ke3 44. Re7+ Kd2 45. Nxd8 Kc1 46. Rf7 Rxb2 47. Rxb2 c3 48. Rf2 c2 49. h5 Kb1 50. Rxc2 1-0

[Event "Schleswig Holstein-ch Seniors op 11th"]
[Site "Buesum"]
[Date "2017.09.11"]
[Round "4"]
[White "Thieme, Wolfgang"]
[Black "Bordasch, Christian"]
[Result "0-1"]
[WhiteElo "1939"]
[BlackElo "1805"]
[PlyCount "106"]
[EventDate "2017.09.08"]
[EventType "swiss"]
[EventRounds "9"]
[EventCountry "GER"]
[SourceTitle "EXT 2019"]
[Source "ChessBase"]
[SourceDate "2018.10.10"]
[SourceVersion "1"]
[SourceVersionDate "2018.10.10"]
[SourceQuality "1"]

1. e4 c6 2. Nc3 d5 3. Nf3 d4 4. Ne2 c5 5. Ng3 Nc6 6. Bc4 Nf6 7. h3 e6 8. d3 Bd6 9. Qe2 Qc7 10. Nf1 0-0 11. c3 Nd7 12. cxd4 cxd4 13. Bd2 Bf4 14. Rc1 Bxd2+ 15. N1xd2 Nde5 16. 0-0 Qd6 17. Bb3 Nxf3+ 18. Nxf3 e5 19. Nd2 Na5 20. Bd5 Be6 21. Nc4 Nxc4 22. Bxc4 Bxc4 23. Rxc4 Rac8 24. Rfc1 Rc6 25. Rxc6 bxc6 26. Qc2 Rc8 27. Qc4 Kf8 28. a4 Ke7 29. b4 f6 30. b5 c5 31. a5 Qe6 32. Qa4 Qd7 33. Rc4 Kd6 34. Qb3 Qb7 35. Ra4 Rb8 36. b6 axb6 37. a6 Qa7 38. Qd5+ Ke7 39. Qc6 Qd7 40. a7 Qxc6 41. axb8Q Qxa4 42. Qc7+ Kf8 43. Qxb6 Qd1+ 44. Kh2 Qxd3 45. Qxc5+ Kf7 46. Qd5+ Kg6 47. f3 Qe3 48. Qd7 d3 49. h4 d2 50. Kh3 Qf4 51. Qe8+ Kh6 52. Qd8 Qe3 53. Kg4 Qe2 0-1

[Event "MVP-ch Seniors op 16th"]
[Site "Binz"]
[Date "2016.12.01"]
[Round "9.41"]
[White "Lehmann, Erwin"]
[Black "Thieme, Wolfgang"]
[Result "1-0"]
[WhiteElo "2035"]
[BlackElo "1911"]
[PlyCount "49"]
[EventDate "2016.11.23"]
[EventType "swiss"]
[EventRounds "9"]
[EventCountry "GER"]
[SourceTitle "EXT 2018"]
[Source "ChessBase"]
[SourceDate "2017.10.13"]
[SourceVersion "1"]
[SourceVersionDate "2017.10.13"]
[SourceQuality "1"]

1. c4 c5 2. g3 Nc6 3. Bg2 g6 4. Nc3 Bg7 5. Nf3 Nf6 6. d4 cxd4 7. Nxd4 0-0 8. 0-0 e5 9. Ndb5 a6 10. Nd6 Qc7 11. Bg5 h6 12. Bxf6 Bxf6 13. Nde4 Bg7 14. Nd5 Qd8 15. c5 Ne7 16. Nb6 Rb8 17. Qd6 Nc6 18. Rfd1 Re8 19. Nxc8 Rxc8 20. Qxd7 Qxd7 21. Rxd7 Re7 22. Rxe7 Nxe7 23. Rd1 f5 24. Rd7 fxe4 25. Rxe7 1-0

[Event "MVP-ch Seniors op 16th"]
[Site "Binz"]
[Date "2016.11.30"]
[Round "8.34"]
[White "Goertz, Hans Georg"]
[Black "Thieme, Wolfgang"]
[Result "1-0"]
[WhiteElo "1981"]
[BlackElo "1911"]
[PlyCount "41"]
[EventDate "2016.11.23"]
[EventType "swiss"]
[EventRounds "9"]
[EventCountry "GER"]
[SourceTitle "EXT 2018"]
[Source "ChessBase"]
[SourceDate "2017.10.13"]
[SourceVersion "1"]
[SourceVersionDate "2017.10.13"]
[SourceQuality "1"]

1. d4 Nf6 2. Nf3 g6 3. g3 Bg7 4. Bg2 0-0 5. c4 d5 6. cxd5 Nxd5 7. e4 Nb6 8. 0-0 Nc6 9. d5 Ne5 10. Nxe5 Bxe5 11. Nc3 e6 12. Bh6 Re8 13. Rc1 Nc4 14. b3 Nd6 15. f4 Bh8 16. Qc2 f6 17. dxe6 Bxe6 18. f5 gxf5 19. exf5 Bxf5 20. Rxf5 Nxf5 21. Bd5+ 1-0

[Event "MVP-ch Seniors op 16th"]
[Site "Binz"]
[Date "2016.11.28"]
[Round "6.30"]
[White "Gebuhr, Guenter"]
[Black "Thieme, Wolfgang"]
[Result "1/2-1/2"]
[WhiteElo "1985"]
[BlackElo "1911"]
[PlyCount "68"]
[EventDate "2016.11.23"]
[EventType "swiss"]
[EventRounds "9"]
[EventCountry "GER"]
[SourceTitle "EXT 2018"]
[Source "ChessBase"]
[SourceDate "2017.10.13"]
[SourceVersion "1"]
[SourceVersionDate "2017.10.13"]
[SourceQuality "1"]

1. e4 c5 2. Nf3 e6 3. d4 cxd4 4. Nxd4 Nf6 5. Nc3 Bb4 6. Bd3 Nc6 7. Be3 d5 8. Nxc6 bxc6 9. exd5 exd5 10. Bd2 0-0 11. 0-0 Qd6 12. Qf3 Bg4 13. Qf4 Qxf4 14. Bxf4 Rfe8 15. a3 Ba5 16. h3 Bd7 17. Na4 Nh5 18. Be3 Bc7 19. Nc5 Bc8 20. Rfe1 Be6 21. Ba6 Bc8 22. Bd4 Bxa6 23. Nxa6 Bb6 24. Bxb6 axb6 25. Nb4 Rec8 26. Re7 Nf6 27. Rae1 c5 28. Nd3 Re8 29. Rb7 Rxe1+ 30. Nxe1 Re8 31. Kf1 Re6 32. Nd3 g5 33. f4 Ne4 34. fxg5 Nxg5 1/2-1/2

[Event "MVP-ch Seniors op 16th"]
[Site "Binz"]
[Date "2016.11.24"]
[Round "2.27"]
[White "Thieme, Wolfgang"]
[Black "Kotlar, Alfred"]
[Result "1-0"]
[WhiteElo "1911"]
[BlackElo "2022"]
[PlyCount "29"]
[EventDate "2016.11.23"]
[EventType "swiss"]
[EventRounds "9"]
[EventCountry "GER"]
[SourceTitle "EXT 2018"]
[Source "ChessBase"]
[SourceDate "2017.10.13"]
[SourceVersion "1"]
[SourceVersionDate "2017.10.13"]
[SourceQuality "1"]

1. e4 d5 2. exd5 Qxd5 3. Nc3 Qd6 4. d4 c6 5. Nf3 Bf5 6. Ne5 e6 7. Bf4 Qd8 8. g4 Bg6 9. h4 f6 10. Nxg6 hxg6 11. Bd3 f5 12. Qe2 Kf7 13. Bc4 Qc8 14. h5 g5 15. gxf5 1-0

[Event "MVP-ch Seniors op 15th"]
[Site "Binz"]
[Date "2015.11.28"]
[Round "5.32"]
[White "Wiemer, Juergen"]
[Black "Thieme, Wolfgang"]
[Result "1-0"]
[WhiteElo "1871"]
[BlackElo "1758"]
[PlyCount "25"]
[EventDate "2015.11.24"]
[EventType "swiss"]
[EventRounds "9"]
[EventCountry "GER"]
[SourceTitle "EXT 2017"]
[Source "ChessBase"]
[SourceDate "2016.10.25"]
[SourceVersion "1"]
[SourceVersionDate "2016.10.25"]
[SourceQuality "1"]

1. e4 c5 2. c3 d5 3. exd5 Qxd5 4. d4 e6 5. Nf3 Nc6 6. Be3 Nf6 7. a3 Be7 8. b4 cxd4 9. cxd4 Ne4 10. Qc2 Bd7 11. Bc4 Nxb4 12. axb4 Bxb4+ 13. Kf1 1-0

[Event "MVP-ch Seniors op 15th"]
[Site "Binz"]
[Date "2015.11.25"]
[Round "2.35"]
[White "Thieme, Wolfgang"]
[Black "Jung, Werner"]
[Result "1/2-1/2"]
[WhiteElo "1758"]
[BlackElo "1874"]
[PlyCount "51"]
[EventDate "2015.11.24"]
[EventType "swiss"]
[EventRounds "9"]
[EventCountry "GER"]
[SourceTitle "EXT 2017"]
[Source "ChessBase"]
[SourceDate "2016.10.25"]
[SourceVersion "1"]
[SourceVersionDate "2016.10.25"]
[SourceQuality "1"]

1. e4 d5 2. exd5 Nf6 3. Nc3 Nxd5 4. Bc4 Nb6 5. Bb3 Nc6 6. Nf3 Bf5 7. 0-0 e6 8. d4 Na5 9. Re1 Nxb3 10. axb3 Be7 11. Ne4 0-0 12. c4 Bxe4 13. Rxe4 Nd7 14. Qc2 c5 15. Be3 b6 16. Rd1 Qc8 17. d5 Nf6 18. Rh4 exd5 19. cxd5 h6 20. d6 Bd8 21. Rh3 Qe6 22. Bf4 Qe4 23. Qd2 Qf5 24. Nh4 Qh7 25. Re1 a5 26. Nf3 1/2-1/2

[Event "Bayern-ch Seniors op 27th"]
[Site "Bergen"]
[Date "2015.06.15"]
[Round "6"]
[White "Lehr, Thomas"]
[Black "Thieme, Wolfgang"]
[Result "1-0"]
[WhiteElo "1895"]
[BlackElo "1755"]
[PlyCount "59"]
[EventDate "2015.06.15"]
[EventType "swiss"]
[EventRounds "9"]
[EventCountry "GER"]
[SourceTitle "EXT 2019"]
[Source "ChessBase"]
[SourceDate "2018.10.10"]
[SourceVersion "1"]
[SourceVersionDate "2018.10.10"]
[SourceQuality "1"]

1. e4 e6 2. d4 c5 3. d5 exd5 4. exd5 d6 5. c4 g6 6. Bd3 Bg7 7. Ne2 Nf6 8. Nbc3 0-0 9. 0-0 Re8 10. Bg5 Nbd7 11. Qd2 Ne5 12. Ng3 Nxd3 13. Qxd3 Qc7 14. Rae1 Bd7 15. h3 a6 16. a4 Qa5 17. Qf3 Rxe1 18. Rxe1 Re8 19. Rc1 Nh5 20. Nxh5 gxh5 21. Qg3 Be5 22. f4 Bd4+ 23. Kh1 Re3 24. Qh4 Bf5 25. Bh6 f6 26. Qxh5 Bg6 27. Qh4 Qc7 28. f5 Bxf5 29. Bxe3 Bxe3 30. Qg3+ 1-0

[Event "Hessen-ch Seniors op 11th"]
[Site "Bad Sooden-Allendorf"]
[Date "2015.05.10"]
[Round "2"]
[White "Kahn, Peter"]
[Black "Thieme, Wolfgang"]
[Result "1/2-1/2"]
[WhiteElo "2108"]
[BlackElo "1941"]
[PlyCount "50"]
[EventDate "2015.05.09"]
[EventType "swiss"]
[EventRounds "9"]
[EventCountry "GER"]
[SourceTitle "EXT 2018"]
[Source "ChessBase"]
[SourceDate "2017.10.13"]
[SourceVersion "1"]
[SourceVersionDate "2017.10.13"]
[SourceQuality "1"]

1. e4 e6 2. d4 c5 3. c3 d5 4. exd5 Qxd5 5. Nf3 Nf6 6. Na3 a6 7. Nc4 Qd8 8. Bg5 b5 9. Nce5 cxd4 10. Qxd4 Qxd4 11. Nxd4 Nd5 12. Bd2 Bd6 13. Nef3 Bb7 14. c4 bxc4 15. Bxc4 Nd7 16. 0-0 N7f6 17. Rfe1 0-0 18. Bg5 h6 19. Bxf6 Nxf6 20. Rad1 Bb4 21. Re2 Rfd8 22. a3 Ba5 23. b4 Bb6 24. Red2 Ne4 25. Rd3 Rac8 1/2-1/2

[Event "GER-chA Seniors 26th"]
[Site "Bad Neuenahr"]
[Date "2014.08.09"]
[Round "5"]
[White "Hanisch, Friedrich"]
[Black "Thieme, Wolfgang"]
[Result "1-0"]
[WhiteElo "2134"]
[BlackElo "1965"]
[PlyCount "53"]
[EventDate "2014.08.05"]
[EventType "swiss"]
[EventRounds "9"]
[EventCountry "GER"]
[SourceTitle "EXT 2018"]
[Source "ChessBase"]
[SourceDate "2017.10.13"]
[SourceVersion "1"]
[SourceVersionDate "2017.10.13"]
[SourceQuality "1"]

1. d4 Nf6 2. Nf3 g6 3. c4 Bg7 4. Nc3 d5 5. e3 0-0 6. Qb3 dxc4 7. Bxc4 Nc6 8. Qd1 Bg4 9. Be2 e5 10. Nxe5 Bxe2 11. Nxc6 Bxd1 12. Nxd8 Raxd8 13. Nxd1 Rfe8 14. 0-0 Nd5 15. a3 f5 16. Nc3 Nb6 17. Ne2 Nd5 18. g3 g5 19. Nc3 Nb6 20. a4 Nc4 21. Ne2 Na5 22. b4 Nb3 23. Ra3 Nxc1 24. Rxc1 c6 25. Rb3 Rc8 26. Rbc3 Bf8 27. b5 1-0